Lidová univerzita batismu zahajuje.

Informácia o seminári pre záujemcov, ktorí chcú uplatniť svoje schopnosti a kvalifikáciu s cieľom odstránenia nehospodárnosti a obnovenia pracovnej morálky vhodnou motiváciou. Seminár poriada YMCA a Klub absolventov Baťovej školy práce. Základná charakteristika Baťovho systému riadenia.

Na minha lista:
Detalhes bibliográficos
Autor principal: Závada, D.
Formato: Capítulo de Livro
Idioma:tcheco
Assuntos:
Tags: Adicionar Tag
Sem tags, seja o primeiro a adicionar uma tag!

MARC

LEADER 00000naa a2200000 4500
001 r006152
005 20221125080828.6
041 0 |a cze 
044 |a [CS] 
245 1 0 |a Lidová univerzita batismu zahajuje.  |c D. Závada 
520 |a Informácia o seminári pre záujemcov, ktorí chcú uplatniť svoje schopnosti a kvalifikáciu s cieľom odstránenia nehospodárnosti a obnovenia pracovnej morálky vhodnou motiváciou. Seminár poriada YMCA a Klub absolventov Baťovej školy práce. Základná charakteristika Baťovho systému riadenia. 
610 2 0 |a vzdelanie 
610 2 0 |a systémy riadenia 
610 2 0 |a motivácia pracovná 
610 2 0 |a Baťa, T. 
610 2 0 |a príprava odborná 
610 2 0 |a semináre 
100 1 |a Závada, D.